| 000 | 01253nam a2200277 i 4500 | ||
|---|---|---|---|
| 003 | EG-ScBUE | ||
| 005 | 20231123102453.0 | ||
| 008 | 100729s2003 u af b 000 0 ara d | ||
| 017 | _a96 / 11461 | ||
| 020 | _a9775487536 | ||
| 040 |
_aEG-ScBUE _bara _erda _cEG-ScBUE _dEG-ScBUE |
||
| 043 | _af-ua--- | ||
| 082 | 0 | 4 |
_222 _bح و ي _a962.02 |
| 100 | 1 |
_916906 _aحويري، محمود محمد، _eمؤلف. |
|
| 245 | 1 | 0 |
_aمصر في العصور الوسطى : _bدراسة في الأوضاع السياسية والحضارية / _cتأليف دكتور محمود محمد الحويري، أستاذ تاريخ العصور الوسطى، كلية الآداب بسوهاج، جامعة جنوب الوادي. |
| 264 | 1 |
_aالقاهرة : _bعين للدراسات والبحوث الإنسانية والاجتماعية، _c2003. |
|
| 300 |
_a328 صفحة ؛ _c24 سم |
||
| 336 |
_2rdacontent _aنص _btxt |
||
| 337 |
_aبدون وسيط _2rdamedia _bn |
||
| 338 |
_aمجلد _bnc _2rdacarrier |
||
| 504 | _aيشتمل علي إرجاعات ببليوجرافية. | ||
| 541 |
_aألف باء ؛ _cشراء ؛ |
||
| 651 | 7 |
_922158 _aمصر _xتاريخ _yالعصور الوسطى. _2BUEsh |
|
| 655 | _vReading book | ||
| 942 |
_2ddc _cBB |
||
| 999 |
_c14576 _d14576 |
||